000 00710nam a2200181Ia 4500
008 151202s9999||||xx |||||||||||||| ||und||
082 _bPNVM-49076
100 _aजावडेकर मुरलीधर.
245 _aअवतार आणि इतर कथा.
260 _b"मुरलीधर जावडेकर साहित्यकला प्रतिष्ठान,पुणे."
260 _c2012
300 _a42
600 _aजावडेकर मुरलीधर.
630 _aअवतार आणि इतर कथा.
700 _aजावडेकर मुरलीधर.
730 _aअवतार आणि इतर कथा.
942 _cBOOK
999 _c1314973
_d1314970